| 000 | 00604nam a2200241Ia 4500 | ||
|---|---|---|---|
| 003 | GCL | ||
| 008 | 140319s9999 xx 000 0 eng d | ||
| 040 |
_aGCL / _cGCL |
||
| 082 | 0 | 4 |
_aCC _b932 _bG B |
| 100 | 1 | _aGIVEON, RAPHAEL | |
| 245 | 1 | 0 |
_aLES BEDOUINS SHOSOU DES DOCUMENTS EGYPTIENS / _cGIVEON, RAPHAEL |
| 260 |
_a[S.N] : _bE. J. BRILL ، _c1973 |
||
| 300 | _a278 | ||
| 650 | 0 | 4 | _aTOMBS |
| 650 | 0 | 4 | _aANTIQUITIES |
| 650 | 0 | 4 | _aEGYPT |
| 650 | 0 | 4 | _aANCIENT EGYPT |
| 650 | 0 | 4 | _aEGYPTOLOGY |
| 650 | 0 | 4 | _aKARNAK |
| 650 | 0 | 4 | _aEGYPT - BEDOUINS |
| 650 | 0 | 4 | _aEGYPT - DOCUMENTS |
| 942 |
_2ddc _cBK |
||
| 999 |
_c15589 _d15589 |
||